000 00579cab a2200193 4500
001 WB3522-12
008 090401t1999 xxu||||| |||| 00| 0 eng d
035 _a(Sirsi) u93876
041 _aeng
245 _aNew PAG appointments
260 _c1999
350 _a0
490 _aDETR News Release
_v(534) 8 June 1999, (2)
520 _aNine appointments has been made to the DETR Property Advisory Group (PAG). Gives details of new and existing members.
650 _aPROPERTY ADVISORY GROUP
690 _aPROPERTY-COMMERCIAL PROPERTY
942 _n0
948 _c10/06/1999
999 _c59498
_d59498